Chapman Library

Marketing management / (Record no. 163)

000 -LEADER
fixed length control field 00480cam a22001694a 4500
020 ## - INTERNATIONAL STANDARD BOOK NUMBER
ISBN 0131457578
050 00 - LIBRARY OF CONGRESS CALL NUMBER
Classification number HF5415.13
100 1# - MAIN ENTRY--AUTHOR NAME
Personal name Kotler, Philip.
245 10 - TITLE STATEMENT
Title Marketing management /
250 ## - EDITION STATEMENT
Edition statement Twelfth ed.
260 ## - PUBLICATION, DISTRIBUTION, ETC. (IMPRINT)
Place of publication Upper Saddle River, NJ :
Name of publisher Pearson Prentice Hall,
Year of publication c2006.
300 ## - PHYSICAL DESCRIPTION
Number of Pages xxxix, 733 [45] p. :
Other physical details col. ill. ;
650 #0 - SUBJECT ADDED ENTRY--TOPICAL TERM
Topical Term Marketing
700 1# - ADDED ENTRY--PERSONAL NAME
Personal name Keller, Kevin Lane,
856 41 - ELECTRONIC LOCATION AND ACCESS
Uniform Resource Identifier http://www.loc.gov/catdir/toc/ecip055/2004029595.html
942 ## - ADDED ENTRY ELEMENTS (KOHA)
Koha item type Books
Holdings
Koha item type Collection code Shelving location Accession Number Permanent Location Current Location Date acquired Full call number
BooksLendingBook Cart2429Chapman LibraryChapman Library2016-01-20HF5415.13.K64kot


CSUC Chapman Library is a Koha Automated Library.


Contact us: library@csuc.edu.gh.